000 02286nam a2200445 i 4500
001 194673
003 SpMaBN
005 20250529063017.0
008 240510s2009 sp | |||| 000 f spa
015 _aMON08
017 _aB 51317-2008
_bOficina Depósito Legal Barcelona
020 _a9788439721598
035 _a(OCoLC)294885689
040 _aSpMaBN
_bspa
_cSpMaBN
_erdc
080 _a821.111(540)-31"19"
100 1 _aRushdie, Salman,
_d1947-
_eaut
_9240737
240 1 4 _aThe Enchantress of Florence
_lEspañol
245 1 3 _aLa encantadora de Florencia /
_cSalman Rushdie ; traducción de Carlos Milla Soler
250 _a1ª edición: febrero 2009
260 _aBarcelona :
_bMondadori,
_c2009
300 _a325 páginas ;
_c24 cm
336 _2rdacontent
_atexto
337 _2rdamedia
_asin mediación
338 _2rdacarrier
_avolumen
490 1 _aLiteratura Mondadori ;
_v388
501 _aGerman Booksellers' Peace Prize 2023.
504 _aBibliografía: p. 319-325
520 _aEntreverando la Historia con la ficción, Salman Rushdie reconstruye un apasionante periodo histórico que narra la formación del imperio Mongol y las luchas que finalmente darían lugar a la India. A finales del siglo xvi, un extranjero llega a la corte de Akbar el Grande, emperador del Imperio mongol, en la fastuosa ciudad de Fatehpur Sikri. Es el portador de un secreto que podría proporcionarle la mayor de las fortunas o costarle la vida. Un secreto digno solo de los oídos del emperador: la historia de una mujer misteriosa, dueña de una belleza cautivadora y versada en las artes del encantamiento y la brujería, y de su viaje imposible a la lejana Florencia.
594 _aTraducción de: The enchantress of Florence
655 0 _9236495
_aNovelas fantásticas
700 1 _9139937
_aMilla Soler, Carlos
_etrl
830 0 _aLiteratura Mondadori
_v388
_9178630
852 _aES-MaACL
_cDEPOJ
_jN-9912
_xEncuadernación cartoné con sobrecubierta
_hDonación: Editorial
_9205829
942 _n0
_cMONOGRAFIA
999 _c194673
_d194673